| Поле | Название | Значение |
| |
Тип записи |
a |
| |
Библиографический уровень |
m |
| 001 |
Контрольный номер |
admiBOOK00020092 |
| 005 |
Дата корректировки |
20161101101651.7 |
| 010 |
Индекс ISBN |
__ |
| a |
ISBN |
978-5-7103-2578-0 |
| d |
Цена |
подарочная |
| 100 |
Данные общей обработки |
__ |
| a |
Данные общей обработки |
19011210 |||y0 y0189 ca |
| 101 |
Язык документа |
0_ |
| a |
Язык текста |
rus |
| 105 |
Кодированные данные (монография) |
__ |
| a |
Кодированные данные (монография) |
zy |
| 200 |
Заглавие и сведения об ответственности |
0_ |
| a |
Заглавие |
Экономическая оценка инвестиций |
| e |
Сведения, относящиеся к заглавию |
учеб. -метод. пособие |
| f |
Первые сведения об ответственности |
С.А.Щанкин |
| 205 |
Сведения об издании |
__ |
| b |
Дополнительные сведения об издании |
Доп УМО |
| 210 |
Выходные данные |
1_ |
| a |
Место издания |
Саранск |
| c |
Издательство |
Изд-во Мордов. ун-та |
| d |
Дата издания |
2012 |
| d |
Дата издания |
2009 |
| 215 |
Физическое описание |
__ |
| a |
Объем |
104с. |
| e |
Сопроводительные материалы |
подарочная |
| 606 |
Тематические рубрики |
__ |
| a |
Основная рубрика |
Финансы |
| x |
Основная подрубрика |
Инвестиции |
| x |
Основная подрубрика |
Кредитная система |
| x |
Основная подрубрика |
Международные финансовые отношения |
| x |
Основная подрубрика |
Экономика предприятия |
| 610 |
Ключевые слова |
0_ |
| a |
Ключевые слова |
Бизнес-план инвестиционного проекта |
| a |
Ключевые слова |
Бюджетные инвестиционные ресурсы |
| a |
Ключевые слова |
Внебюджетные источники финансирования |
| a |
Ключевые слова |
Инвестиции |
| a |
Ключевые слова |
Инвестиционная деятельность предприятий |
| a |
Ключевые слова |
Инвестиционная политика государства |
| a |
Ключевые слова |
Инвестиционный проект |
| a |
Ключевые слова |
Источники финансирования инвестиционной деятельности |
| a |
Ключевые слова |
Определение показателей эффективности инвестиционного проекта |
| a |
Ключевые слова |
Оценка инвестиций |
| a |
Ключевые слова |
Оценка инвестиционных проектов |
| a |
Ключевые слова |
Оценка эффективности инвестиционных проектов |
| a |
Ключевые слова |
Собственные средства предприятий |
| a |
Ключевые слова |
Учет инфляции |
| a |
Ключевые слова |
Учет риска |
| a |
Ключевые слова |
Экономическая оценка инвестиций |
| a |
Ключевые слова |
Экономическое содержание инвестиций |
| a |
Ключевые слова |
Эффективность инвестиционных проектов |
| 675 |
Индекс УДК |
__ |
| a |
Индекс УДК |
614.2(075.8) |
| 686 |
Индексы других классификаций |
__ |
| a |
Классификационный индекс |
65.262.1 |
| a |
Классификационный индекс |
65.268 |
| a |
Классификационный индекс |
65.29 |
| 700 |
Автор |
_1 |
| a |
Фамилия |
Щанкин |
| b |
Имя |
С.А. |
| 852 |
Данные о местонахождении |
__ |
| c |
Местонахождение стеллажа |
65.262.1 |
| c |
Местонахождение стеллажа |
65.268 |
| c |
Местонахождение стеллажа |
65.29 |
| j |
Шифр хранения |
65.26 |
| 852 |
Данные о местонахождении |
__ |
| b |
Сигла хранения |
ЧЗ_1 |
| t |
Номер экземпляра |
10 |
| p |
Инвентарный номер |
1800209 |
| p |
Инвентарный номер |
1800201 |
| i |
Авторский знак |
Щ22 |
| 901 |
Тип документа |
__ |
| t |
Тип документа |
m |
| 911 |
|
__ |
| u |
|
952a=Учебнл-о-методическая |
| u |
|
952p=2401 |
| 938 |
Служебная информация |
__ |
| a |
Название организации |
Саранский филиал |
| b |
Имя БД |
OUTPUT.MRC_Саранск |
| c |
Название АИБС |
АИБС Библиотека |